000 00760nam a22002177a 4500
005 20100805131714.0
010 _aENG-98283
020 _c80.00
035 _aEN-81816
037 _bDBAD/PUB
082 _a005.73
100 _aRajalakshmi, S.
_96787
245 _aFundamentals of data structures /
_cby S. Rajalakshmi
260 _aTriunelveli
_bUma Devi Publications
_c2008
270 _a53, Perumal North Car Street, Palayamkottai
_bTriunelveli
_e627002
300 _a110p.:
_bill.
_c20cm (pbk)
650 _aData Stuctures
_96788
650 _aComputer
_96789
942 _2ddc
_cEN
_h005.73
_mRAJ
999 _c39421
_d39421